World Capitals by Letter F and G - Map Quiz - Statistics

General Stats
  • This quiz has been taken 270 times
  • The average score is 5 of 5
Answers on the Map
Answers color-coded by a green-red scale on the quiz's map according to % correct below.
 
Answer Stats
Answer % Correct
Guatemala City
99%
Georgetown
97%
Funafuti
95%
Gaborone
94%
Freetown
93%
No matching quizzes found
Score Distribution
Percent of People with Each Score
Percentile by Number Answered
Your Score History
You have not taken this quiz